000
00213nam a2200097Ia 4500
008
220204s9999 xx 000 0 und d
082
_a
82-3
_b
BLA
100
_a
Black, Jonathan
245
0
_a
Gold rapers
942
_c
BK
999
_c
28530
_d
28530